[Event "Michigan Beginners"]
[Site "Grand Rapids, MI"]
[Date "1997.01.18"]
[Round "1.2"]
[White "Marlatt, Caitie"]
[Black "Waite, Rachel"]
[Result "0-1"]
[WhiteElo "1132"]
[BlackElo "484"]
[PlyCount "62"]
[EventDate "1997.01.19"]

1. e4 e5 2. Nf3 Nf6 3. d4 exd4 4. Qxd4 Nc6 5. Qc4 b5 6. Qb3 Bb4+ 7. c3 Bc5 8.
Ng5 d5 9. Qxb5 Nxe4 10. Qxc6+ Bd7 11. Qxd5 Nxg5 12. Bxg5 f6 13. Bf4 c6 14. Qh5+
g6 15. Qxc5 Qe7+ 16. Qxe7+ Kxe7 17. Ba6 Kf7 18. Bd6 Rhe8+ 19. Be2 Rac8 20. O-O
Rxe2 21. Na3 Rxb2 22. Rfe1 Re8 23. Rxe8 Kxe8 24. Re1+ Kf7 25. Re7+ Kf8 26.
Rxd7+ Ke8 27. Re7+ Kd8 28. Rxa7 Rxa2 29. Ra8+ Kd7 30. Bf8 Ra1+ 31. Nb1 Rxb1#
0-1

[Event "Michigan Class D/E"]
[Site "Grand Rapids, MI"]
[Date "1997.01.18"]
[Round "1.10"]
[White "LaFerriere, Larry"]
[Black "Miller, Jess"]
[Result "0-1"]
[WhiteElo "883"]
[BlackElo "1285"]
[PlyCount "76"]
[EventDate "1997.01.18"]

1. e4 e6 2. Nf3 d5 3. exd5 exd5 4. Bd3 Nf6 5. Qe2+ Be7 6. O-O c5 7. Bb5+ Nc6 8.
Ne5 Bd7 9. d3 Nxe5 10. Bxd7+ Nfxd7 11. Bf4 Bd6 12. c3 d4 13. cxd4 cxd4 14. Qe4
Qb6 15. b3 O-O 16. Nd2 Rfe8 17. Rfe1 Nf6 18. Bxe5 Nxe4 19. Rxe4 Bxe5 20. Rxe5
Rxe5 21. Nc4 Qe6 22. Nxe5 Qxe5 23. h3 Qe2 24. Kh2 Qxf2 25. b4 Rc8 26. a3 Rc2
27. Rg1 Qd2 28. a4 Rc1 29. Rxc1 Qxc1 30. a5 Qc3 31. b5 Qxa5 32. b6 Qxb6 33. g3
Qb2+ 34. Kg1 Qe2 35. g4 Qxd3 36. g5 Qe3+ 37. Kh1 Qe2 38. h4 d3 0-1

[Event "Michigan Masters/Experts"]
[Site "Grand Rapids, MI"]
[Date "1997.01.18"]
[Round "1.1"]
[White "LaFata, Sam"]
[Black "Kamberi, Sonny"]
[Result "1/2-1/2"]
[WhiteElo "2040"]
[BlackElo "2277"]
[PlyCount "59"]
[EventDate "1997.01.18"]

1. d4 Nf6 2. Nf3 g6 3. Bg5 Bg7 4. Nbd2 O-O 5. e3 d6 6. Be2 Nbd7 7. c3 e5 8. a4
Qe7 9. O-O e4 10. Ne1 h6 11. Bxf6 Nxf6 12. Nc2 b6 13. f3 Bb7 14. a5 exf3 15.
Bxf3 d5 16. a6 Bc8 17. Re1 Bf5 18. Nb4 Qd6 19. e4 Nxe4 20. Nxd5 Qxd5 21. Nxe4
Qd7 22. Ng3 Rad8 23. Nxf5 Qxf5 24. Re7 Qf4 25. Qe2 Bf6 26. Re4 Qd6 27. Re1 c5
28. dxc5 Qxc5+ 29. Qe3 Qb5 30. Qe2 1/2-1/2

[Event "Michigan Class B"]
[Site "Grand Rapids, MI"]
[Date "1997.01.18"]
[Round "3.5"]
[White "Kreger, David"]
[Black "Sellers, Matt"]
[Result "0-1"]
[WhiteElo "1621"]
[BlackElo "1704"]
[PlyCount "94"]
[EventDate "1997.01.18"]

1. d4 Nf6 2. c4 c5 3. d5 e6 4. Nc3 exd5 5. cxd5 d6 6. e4 g6 7. Nf3 Bg7 8. Be2
O-O 9. O-O Re8 10. Nd2 a6 11. a4 Nbd7 12. f3 Ne5 13. Qc2 Rb8 14. a5 b5 15. axb6
Qxb6 16. Kh1 Re7 17. f4 Neg4 18. Nc4 Qd8 19. h3 Nh6 20. g4 Bxg4 21. hxg4 Nfxg4
22. Bxg4 Nxg4 23. Qg2 Rxe4 24. Nxe4 Qh4+ 25. Kg1 Bd4+ 26. Nf2 Re8 27. Ne5 dxe5
28. Ra4 Nxf2 29. Rxf2 exf4 30. Rxd4 cxd4 31. Rxf4 Re1+ 32. Rf1 d3 33. Bd2 Re2
34. Rf2 Qd4 35. Bc3 Rxf2 36. Qxf2 Qg4+ 37. Kh2 Qh5+ 38. Kg3 Qg5+ 39. Kh3 Qh5+
40. Kg2 Qxd5+ 41. Qf3 Qxf3+ 42. Kxf3 f5 43. Ke3 Kf7 44. Kxd3 g5 45. Kc4 h5 46.
Kd5 h4 47. Ke5 h3 0-1

[Event "Michigan Class B"]
[Site "Grand Rapids, MI"]
[Date "1997.01.18"]
[Round "1.6"]
[White "Kreger, David"]
[Black "Dunlap, Robert"]
[Result "1-0"]
[WhiteElo "1621"]
[BlackElo "1707"]
[PlyCount "57"]
[EventDate "1997.01.18"]

1. d4 Nf6 2. c4 g6 3. Nc3 Bg7 4. e4 d6 5. f3 Nbd7 6. Bd3 c5 7. d5 O-O 8. Nge2
Ne5 9. Be3 Qb6 10. Rb1 Nfd7 11. f4 Ng4 12. Bd2 e6 13. h3 Ngf6 14. O-O Re8 15.
Kh1 exd5 16. exd5 a6 17. g4 Nf8 18. Ng3 Bd7 19. f5 Qd8 20. g5 Nh5 21. Nxh5 gxh5
22. Qxh5 f6 23. Rg1 Re5 24. Rbf1 Be8 25. Qh4 Nd7 26. Ne4 fxg5 27. Bxg5 Rxe4 28.
Bxe4 Qb6 29. f6 1-0

[Event "Michigan Class D/E"]
[Site "Grand Rapids, MI"]
[Date "1997.01.18"]
[Round "2.8"]
[White "Kotman, Stuart"]
[Black "Mihelich, John"]
[Result "1-0"]
[WhiteElo "786"]
[BlackElo "1394"]
[PlyCount "105"]
[EventDate "1997.01.18"]

1. d4 d5 2. c4 e6 3. Nf3 Nc6 4. Nc3 Bb4 5. a3 Bxc3+ 6. bxc3 h6 7. Bf4 Bd7 8.
Rb1 b6 9. e3 Na5 10. cxd5 exd5 11. Ne5 Nf6 12. Nxd7 Nxd7 13. Bd3 O-O 14. O-O
Nf6 15. Qf3 Kh8 16. Qh3 Ne4 17. Bxh6 gxh6 18. Qxh6+ Kg8 19. f3 Qg5 20. Qh3
Qxe3+ 21. Kh1 Qxd3 22. Qg4+ Kh7 23. Qf5+ Kh6 24. Qh3+ Kg6 25. Qg4+ Ng5 26. h4
f6 27. f4 Rae8 28. fxg5 f5 29. h5+ Kg7 30. Qf4 Re7 31. Rbe1 Rfe8 32. Re5 Rxe5
33. dxe5 Qe4 34. Qxf5 Qxf5 35. Rxf5 Re6 36. Kg1 Nc4 37. Kf2 Nxe5 38. Ke3 c5 39.
Kf4 Nd3+ 40. Kg4 Re4+ 41. Kf3 Ne5+ 42. Kf2 d4 43. cxd4 cxd4 44. Rf6 Ng4+ 45.
Kf3 Re3+ 46. Kxg4 Rxa3 47. h6+ Kh7 48. Kh5 Ra5 49. Rd6 Rc5 50. Rd7+ Kh8 51. h7
Rc8 52. Kh6 d3 53. g6 1-0

[Event "Michigan Class D/E"]
[Site "Grand Rapids, MI"]
[Date "1997.01.18"]
[Round "3.11"]
[White "Kotman, Matthew"]
[Black "Feguer, Mike"]
[Result "0-1"]
[WhiteElo "1096"]
[BlackElo "1105"]
[PlyCount "62"]
[EventDate "1997.01.18"]

1. Nf3 Nc6 2. g3 Nf6 3. Bg2 e5 4. Nc3 Bc5 5. O-O d5 6. d3 d4 7. Ne4 Be7 8. Bg5
Nxe4 9. Bxe7 Qxe7 10. dxe4 Qf6 11. c3 h5 12. h4 Bd7 13. Ng5 O-O-O 14. Qb3 dxc3
15. Qxc3 Nd4 16. Bf3 Bb5 17. Kh2 Nxf3+ 18. Nxf3 Bxe2 19. Rfc1 c6 20. Nxe5 Qxf2+
21. Kh1 Rd3 22. Qe1 Bf3+ 23. Nxf3 Qxf3+ 24. Kg1 Re3 25. Qf2 Qxe4 26. Qf4 Qe7
27. Qf5+ Kb8 28. Qf4+ Ka8 29. Rf1 a6 30. Qxf7 Rxg3+ 31. Kh2 Qxh4# 0-1

[Event "Michigan Class D/E"]
[Site "Grand Rapids, MI"]
[Date "1997.01.18"]
[Round "1.7"]
[White "Kotman, Matthew"]
[Black "Cowans, Winston"]
[Result "0-1"]
[WhiteElo "1096"]
[BlackElo "1312"]
[PlyCount "76"]
[EventDate "1997.01.18"]

1. Nf3 Nf6 2. g3 g6 3. b3 Bg7 4. Bb2 O-O 5. Bg2 d5 6. c4 dxc4 7. bxc4 c6 8. O-O
Bf5 9. d3 Nbd7 10. Nbd2 Re8 11. Nh4 e6 12. e4 Bg4 13. f3 Bxf3 14. Nhxf3 Qb6+
15. Bd4 c5 16. e5 Ng4 17. Ng5 Ngxe5 18. Bxe5 Nxe5 19. Qe2 Red8 20. Ndf3 Nxd3
21. Rad1 Qd6 22. Kh1 f5 23. Qxe6+ Qxe6 24. Nxe6 Rd7 25. Nf4 Rad8 26. Ne6 Re8
27. Nxg7 Kxg7 28. a3 Nf2+ 29. Rxf2 Rxd1+ 30. Bf1 Ra1 31. Kg2 Rxa3 32. Re2 Rxe2+
33. Bxe2 Ra2 34. Kf2 Kf6 35. Ke3 a5 36. Bd1 a4 37. Kf4 a3 38. Ng5 Rxh2 0-1

[Event "Michigan Masters/Experts"]
[Site "Grand Rapids, MI"]
[Date "1997.01.18"]
[Round "2.2"]
[White "Kitts, Gary"]
[Black "Hater, David"]
[Result "1-0"]
[WhiteElo "2000"]
[BlackElo "2096"]
[PlyCount "21"]
[EventDate "1997.01.18"]

1. e4 e5 2. Nf3 Nc6 3. d4 exd4 4. c3 dxc3 5. Bc4 cxb2 6. Bxb2 Bb4+ 7. Nc3 d5 8.
exd5 Qe7+ 9. Kf1 Ne5 10. Nxe5 Qxe5 11. Qa4+ 1-0

[Event "Michigan Masters/Experts"]
[Site "Grand Rapids, MI"]
[Date "1997.01.18"]
[Round "2.3"]
[White "Kamberi, Sonny"]
[Black "Hankinson, Chris"]
[Result "1/2-1/2"]
[WhiteElo "2277"]
[BlackElo "2072"]
[PlyCount "82"]
[EventDate "1997.01.18"]

1. e4 Nf6 2. e5 Ng8 3. d4 d6 4. Nf3 g6 5. Bc4 d5 6. Bb3 Bg4 7. h3 Bxf3 8. Qxf3
e6 9. c4 c6 10. Be3 dxc4 11. Bxc4 Bb4+ 12. Nc3 Nd7 13. O-O Nb6 14. Bd3 Nd5 15.
Ne4 h5 16. Bg5 Qd7 17. Rac1 Kf8 18. a3 Be7 19. Nc5 Bxc5 20. Rxc5 Nge7 21. Bc2
Nf5 22. Rd1 h4 23. Be4 Rh5 24. Qg4 Nde7 25. b4 a6 26. a4 Rc8 27. Bf3 Nd5 28.
Bxd5 exd5 29. Bf6 Qe6 30. Rdc1 Ne7 31. b5 axb5 32. axb5 Ng8 33. bxc6 bxc6 34.
Qf3 Nxf6 35. Qxf6 Qxf6 36. exf6 Ke8 37. Rxc6 Rxc6 38. Rxc6 Kd7 39. Ra6 Rf5 40.
Ra7+ Ke6 41. Ra6+ Kd7 1/2-1/2

[Event "Michigan Class C"]
[Site "Grand Rapids, MI"]
[Date "1997.01.18"]
[Round "1.2"]
[White "Juntunen, Michael"]
[Black "Bloch, Hermann"]
[Result "1-0"]
[WhiteElo "1463"]
[BlackElo "1549"]
[PlyCount "63"]
[EventDate "1997.01.18"]

1. c4 e5 2. Nc3 Nc6 3. Nf3 Nf6 4. e4 Bc5 5. Be2 O-O 6. O-O a6 7. a3 d6 8. b4
Ba7 9. Bb2 Nd4 10. d3 Bg4 11. Nxd4 exd4 12. Bxg4 dxc3 13. Bxc3 Nxg4 14. Qxg4 f6
15. Kh1 Qe8 16. f4 Qg6 17. Qh3 h5 18. Rf3 Qh6 19. Raf1 Rf7 20. Rg3 c5 21. Qf5
Qh7 22. Rg6 Bb6 23. Rf3 h4 24. Rh3 Bd8 25. g3 Kf8 26. Rxh4 Qg8 27. Qh3 f5 28.
Rh8 fxe4 29. Rxg8+ Kxg8 30. Qg4 Be7 31. Rxg7+ Kf8 32. Rg8# 1-0

[Event "Michigan Class C"]
[Site "Grand Rapids, MI"]
[Date "1997.01.18"]
[Round "2.1"]
[White "Juntunen, Michael"]
[Black "Aldrich, Justin"]
[Result "0-1"]
[WhiteElo "1463"]
[BlackElo "1584"]
[PlyCount "48"]
[EventDate "1997.01.18"]

1. c4 e5 2. Nc3 Nf6 3. e4 Bc5 4. Nf3 Ng4 5. d4 exd4 6. Na4 Bb4+ 7. Bd2 Qe7 8.
Bd3 Nc6 9. O-O Bxd2 10. Qxd2 O-O 11. Rfe1 Qf6 12. b3 d6 13. Nb2 Nge5 14. Be2
Nxf3+ 15. Bxf3 Ne5 16. Be2 Re8 17. Qxd4 Nf3+ 18. Bxf3 Qxd4 19. Na4 Bd7 20. Rad1
Qf6 21. e5 Rxe5 22. Kf1 Rae8 23. Rxe5 Qxe5 24. h3 Qh2 0-1

[Event "Michigan Class A"]
[Site "Grand Rapids, MI"]
[Date "1997.01.18"]
[Round "1.4"]
[White "June, Brian"]
[Black "Bauerle, Paul"]
[Result "0-1"]
[WhiteElo "1833"]
[BlackElo "1914"]
[PlyCount "78"]
[EventDate "1997.01.18"]

1. d4 Nf6 2. Nf3 g6 3. c4 Bg7 4. Nc3 d6 5. e4 O-O 6. Be2 e5 7. O-O Nc6 8. Bg5
exd4 9. Nxd4 Nxd4 10. Qxd4 Nxe4 11. Nxe4 Bxd4 12. Bxd8 Rxd8 13. Rab1 Bf5 14.
Bf3 Re8 15. Rfe1 h5 16. h3 h4 17. b3 Re7 18. Rbd1 Bg7 19. Ng5 Bf6 20. Ne4 Be5
21. c5 Rae8 22. cxd6 cxd6 23. Kf1 Bg7 24. g4 Bxe4 25. Bxe4 Rxe4 26. Rxe4 Rxe4
27. Rxd6 b6 28. Rd7 a5 29. f3 Re3 30. Kf2 Rc3 31. Rd2 Bh6 32. Re2 Rd3 33. Rc2
Rd2+ 34. Rxd2 Bxd2 35. Ke2 Bb4 36. g5 Kf8 37. f4 Ke7 38. Kf3 Ke6 39. Ke4 Bc5
0-1

[Event "Michigan Class D/E"]
[Site "Grand Rapids, MI"]
[Date "1997.01.18"]
[Round "1.8"]
[White "Jaskot, Allan"]
[Black "Smalec, Joseph"]
[Result "1-0"]
[WhiteElo "1302"]
[BlackElo "1092"]
[PlyCount "59"]
[EventDate "1997.01.18"]

1. Nf3 b5 2. e4 a6 3. c4 c6 4. d4 d6 5. Be2 Bg4 6. d5 Bxf3 7. Bxf3 cxd5 8. Qxd5
Nd7 9. O-O Ngf6 10. Qd3 Ne5 11. Qe2 bxc4 12. Na3 Rc8 13. Rd1 c3 14. Qxa6 Nxf3+
15. gxf3 cxb2 16. Qb5+ Nd7 17. Qxb2 e5 18. Kh1 Be7 19. f4 O-O 20. f5 Nc5 21. f3
Rb8 22. Qg2 g6 23. Nc2 Bh4 24. Be3 Rc8 25. Nb4 Qa5 26. Nd5 Rfe8 27. Qg4 Qd8 28.
Rg1 Nd3 29. Rg2 h5 30. Qxh5 1-0

[Event "Michigan Class D/E"]
[Site "Grand Rapids, MI"]
[Date "1997.01.18"]
[Round "3.7"]
[White "Jaskot, Allan"]
[Black "O'Dell, Ray"]
[Result "1-0"]
[WhiteElo "1302"]
[BlackElo "1217"]
[PlyCount "105"]
[EventDate "1997.01.18"]

1. Nf3 Nc6 2. d4 d5 3. Bg5 h6 4. Bh4 g5 5. Bg3 Bg7 6. e3 a6 7. c4 Bf5 8. Qa4
Nf6 9. Be5 O-O 10. Nc3 Bd7 11. Qc2 Nxe5 12. Nxe5 Qc8 13. cxd5 Bf5 14. Bd3 Bh7
15. g4 c6 16. dxc6 bxc6 17. Bxh7+ Nxh7 18. h3 Bxe5 19. dxe5 Qe6 20. Qe4 a5 21.
O-O Rab8 22. b3 Rb4 23. Qf3 Qxe5 24. Rac1 Qe6 25. Na4 Qd5 26. Qxd5 cxd5 27. Rc5
e6 28. Rxa5 Rbb8 29. Rc1 Nf6 30. f3 Rfc8 31. Rac5 Rd8 32. Nb2 Nd7 33. R5c2 Ne5
34. Kg2 Rf8 35. Rc3 f5 36. Nd3 Nxd3 37. Rxd3 fxg4 38. fxg4 Rfd8 39. Rc6 Kf7 40.
Kg3 e5 41. Rdc3 d4 42. exd4 exd4 43. Rd3 Rbc8 44. Rxc8 Rxc8 45. Rxd4 Rc2 46.
Ra4 Kg6 47. b4 Rc6 48. Ra3 h5 49. gxh5+ Kxh5 50. b5 Rg6 51. Rb3 g4 52. hxg4+
Rxg4+ 53. Kf2 1-0

[Event "Michigan Masters/Experts"]
[Site "Grand Rapids, MI"]
[Date "1997.01.18"]
[Round "2.5"]
[White "Jarosz, Stan"]
[Black "Hartwig, Thomas"]
[Result "1-0"]
[WhiteElo "2000"]
[BlackElo "2020"]
[PlyCount "47"]
[EventDate "1997.01.18"]

1. d4 Nf6 2. Nf3 e6 3. c4 d5 4. Nc3 c6 5. e3 Nbd7 6. Bd3 dxc4 7. Bxc4 b5 8. Bd3
a6 9. e4 c5 10. d5 c4 11. dxe6 fxe6 12. Bc2 Bb7 13. Qe2 Bc5 14. O-O O-O 15. Ng5
Qb6 16. e5 Qc6 17. Nce4 Nxe5 18. Nxf6+ gxf6 19. Bxh7+ Kg7 20. Be4 Qd6 21. Bxb7
fxg5 22. Bxa8 Rxa8 23. Bxg5 Rh8 24. Bf4 1-0

[Event "Michigan Class D/E"]
[Site "Grand Rapids, MI"]
[Date "1997.01.18"]
[Round "1.3"]
[White "Jacobs, Ron"]
[Black "Worley, Ron"]
[Result "0-1"]
[WhiteElo "1209"]
[BlackElo "1352"]
[PlyCount "102"]
[EventDate "1997.01.18"]

1. e4 c5 2. Nf3 g6 3. d4 cxd4 4. Nxd4 Bg7 5. Nc3 Nc6 6. Be3 d6 7. f3 Nf6 8. Qd2
O-O 9. Bc4 a6 10. O-O-O Na5 11. Bb3 Nd7 12. h4 Nc5 13. h5 Ncxb3+ 14. Nxb3 Nc4
15. Qd3 Nxe3 16. Qxe3 b5 17. hxg6 fxg6 18. Nd4 Bd7 19. Rh6 Bxh6 20. Qxh6 Rf7
21. Rh1 Qf8 22. Qh4 Qg7 23. Nde2 b4 24. Nd5 Bb5 25. Nc7 Rc8 26. Ne6 Qf6 27.
Qxf6 Rxf6 28. N6d4 Bxe2 29. Nxe2 Re6 30. Nf4 Re5 31. Nd5 Kg7 32. Nxb4 a5 33.
Nd5 e6 34. Nc3 Rh5 35. Rd1 Rd8 36. g4 Rh3 37. Nb5 d5 38. exd5 Rxd5 39. Nd4 Kf6
40. f4 Ke7 41. c3 Rh4 42. Re1 Rxg4 43. Rxe6+ Kd7 44. Rf6 h5 45. f5 gxf5 46.
Nxf5 Rf4 47. Rf7+ Ke6 48. Ne3 Rxf7 49. Nxd5 Kxd5 50. Kc2 h4 51. Kb3 Rb7+ 0-1

[Event "Michigan Class D/E"]
[Site "Grand Rapids, MI"]
[Date "1997.01.18"]
[Round "3.5"]
[White "Jacobs, Ron"]
[Black "Saylor, Oliver"]
[Result "1/2-1/2"]
[WhiteElo "1209"]
[BlackElo "1391"]
[PlyCount "65"]
[EventDate "1997.01.18"]

1. e4 e5 2. Nf3 Nc6 3. Bb5 a6 4. Bxc6 dxc6 5. O-O Bd6 6. d3 Bg4 7. h3 Bh5 8.
Nbd2 b5 9. Re1 Ne7 10. Nf1 Bc5 11. Be3 Bxe3 12. Nxe3 Bxf3 13. Qxf3 O-O 14. Rab1
Ng6 15. Nf5 Qg5 16. Qg3 Qxg3 17. fxg3 Rae8 18. Rf1 Ne7 19. g4 c5 20. Rbd1 Nc6
21. c3 b4 22. Ne3 Rd8 23. Nd5 Rd7 24. Rd2 a5 25. Ne3 Rfd8 26. Rfd1 a4 27. Kf2
Na5 28. cxb4 cxb4 29. Ke2 Nc6 30. Nd5 Nd4+ 31. Ke3 b3 32. a3 Rc8 33. Nc3
1/2-1/2

[Event "Michigan Class B"]
[Site "Grand Rapids, MI"]
[Date "1997.01.18"]
[Round "1.1"]
[White "Imai, Toshio"]
[Black "Mohammed, Azziem"]
[Result "0-1"]
[WhiteElo "1700"]
[BlackElo "1774"]
[PlyCount "74"]
[EventDate "1997.01.18"]

1. e4 c5 2. Nf3 Nc6 3. Bb5 a6 4. Bxc6 bxc6 5. c3 d5 6. exd5 cxd5 7. d4 e6 8.
O-O h6 9. Ne5 Bd7 10. Qf3 Nf6 11. Qg3 Bb5 12. Re1 Ne4 13. Qg4 Rc8 14. c4 Nf6
15. Qg3 dxc4 16. dxc5 Rxc5 17. Nc3 g6 18. Be3 Nh5 19. Nxf7 Kxf7 20. Qf3+ Rf5
21. Rad1 Rxf3 22. Rxd8 Ke7 23. Red1 Rf7 24. Nxb5 axb5 25. R1d7+ Kf6 26. Bd4+ e5
27. Bxe5+ Kxe5 28. Rxf7 Bg7 29. f4+ Ke6 30. Rdd7 Bxb2 31. g4 Nxf4 32. Rde7+ Kd6
33. Rd7+ Ke5 34. Rfe7+ Kf6 35. h4 c3 36. Rf7+ Ke5 37. Kf2 c2 0-1

[Event "Michigan Class B"]
[Site "Grand Rapids, MI"]
[Date "1997.01.18"]
[Round "1.7"]
[White "Hencir, Edward"]
[Black "Durkee, David"]
[Result "1-0"]
[WhiteElo "1615"]
[BlackElo "1704"]
[PlyCount "47"]
[EventDate "1997.01.18"]

1. d4 e6 2. e3 d5 3. Nf3 c5 4. c3 Nc6 5. Nbd2 Nf6 6. Bd3 Bd6 7. O-O O-O 8. Re1
Qc7 9. h3 cxd4 10. cxd4 Nb4 11. Bb1 Bd7 12. a3 Qa5 13. e4 Bf4 14. e5 Ne4 15.
Nb3 Ba4 16. Nxa5 Bxd1 17. Rxd1 Bxc1 18. Rxc1 Na6 19. Nb3 Rac8 20. Bxe4 dxe4 21.
Nfd2 Rfd8 22. Nxe4 Nc7 23. Nd6 Rb8 24. Rxc7 1-0

[Event "Michigan Class B"]
[Site "Grand Rapids, MI"]
[Date "1997.01.18"]
[Round "2.7"]
[White "Hazzard, Bill"]
[Black "Dorrington, Eldon"]
[Result "0-1"]
[WhiteElo "1742"]
[BlackElo "1613"]
[PlyCount "160"]
[EventDate "1997.01.18"]

1. e4 d5 2. exd5 Nf6 3. Bb5+ Nbd7 4. c4 a6 5. Ba4 Rb8 6. Nc3 g6 7. d4 Bg7 8.
Nf3 O-O 9. O-O b5 10. cxb5 axb5 11. Bxb5 Nb6 12. Bc4 Nbxd5 13. Nxd5 Nxd5 14.
Re1 Nb4 15. d5 Nc6 16. dxc6 Qxd1 17. Rxd1 Bg4 18. a4 Rb6 19. Ra3 Rxc6 20. b4
Rxc4 21. b5 Ra8 22. a5 Rc5 23. h3 Bxf3 24. gxf3 Rxb5 25. Bf4 e5 26. Be3 Bf8 27.
Rad3 Rbxa5 28. Rd8 Kg7 29. R1d7 Rxd8 30. Rxd8 Bd6 31. Rd7 Ra1+ 32. Kg2 Ra6 33.
f4 Ra4 34. fxe5 Bxe5 35. f4 Bd6 36. Kf3 Kf8 37. Rd8+ Ke7 38. Rh8 Ra3 39. Kf2 h5
40. f5 Ra2+ 41. Kf3 Ra3 42. Ke2 Kf6 43. fxg6 fxg6 44. h4 Ra2+ 45. Kf3 Kf5 46.
Re8 Rh2 47. Bg5 Rh3+ 48. Kg2 Rb3 49. Re2 Be5 50. Kf1 Rb1+ 51. Kg2 Rb2 52. Rxb2
Bxb2 53. Kf3 Bf6 54. Bf4 c5 55. Be3 c4 56. Kg3 Bb2 57. Bh6 Ke4 58. Kf2 Bf6 59.
Kg3 Be5+ 60. Kf2 Kd3 61. Bg5 c3 62. Ke1 c2 63. Kf2 Bc3 64. Bc1 Bd2 65. Bb2 c1=Q
66. Bxc1 Bxc1 67. Kf3 Kd4 68. Kg3 Ke4 69. Kg2 Kf4 70. Kh3 Bd2 71. Kh2 Kg4 72.
Kg2 Kxh4 73. Kh2 Kg4 74. Kg2 Kf4 75. Kh3 Kf3 76. Kh2 g5 77. Kh3 Kf2 78. Kh2 Kf3
79. Kh3 g4+ 80. Kh2 g3+ 0-1

[Event "Michigan Masters/Experts"]
[Site "Grand Rapids, MI"]
[Date "1997.01.18"]
[Round "1.6"]
[White "Hater, David"]
[Black "Jarosz, Stan"]
[Result "1-0"]
[WhiteElo "2096"]
[BlackElo "2000"]
[PlyCount "66"]
[EventDate "1997.01.18"]

1. e4 e6 2. Nf3 d5 3. Nc3 Nf6 4. e5 Nfd7 5. Ne2 c5 6. c3 b6 7. Ng3 Ba6 8. Bxa6
Nxa6 9. O-O Be7 10. Qa4 Nab8 11. Qg4 O-O 12. Nh5 g6 13. d4 Kh8 14. Bh6 Rg8 15.
Nf4 Nc6 16. Ng5 Bxg5 17. Bxg5 Qe8 18. Rfd1 cxd4 19. cxd4 Ne7 20. Rac1 Rc8 21.
Rxc8 Nxc8 22. Qh4 Qf8 23. a3 Rg7 24. Bh6 g5 25. Bxg5 Rg8 26. Nh5 Rg6 27. Rc1 b5
28. Nf6 Nxf6 29. Bxf6+ Kg8 30. Rc7 Nb6 31. Qh3 Qe8 32. Qc3 h6 33. Rxa7 Nc4 1-0

[Event "Michigan Masters/Experts"]
[Site "Grand Rapids, MI"]
[Date "1997.01.18"]
[Round "1.3"]
[White "Hartwig, Thomas"]
[Black "Czuhai, Kevin"]
[Result "0-1"]
[WhiteElo "2020"]
[BlackElo "2247"]
[PlyCount "54"]
[EventDate "1997.01.18"]

1. e4 c5 2. Nf3 d6 3. d4 cxd4 4. Nxd4 Nf6 5. Nc3 g6 6. Be3 Bg7 7. f3 Nc6 8. Qd2
Bd7 9. Bc4 Rc8 10. Bb3 h5 11. O-O-O Ne5 12. Qe2 Rxc3 13. bxc3 Qa5 14. Kb1 b5
15. Bc1 O-O 16. f4 Nc4 17. h3 Rb8 18. Qf3 e5 19. Ne2 Bc6 20. fxe5 Nxe4 21. Ka1
Nxe5 22. Qe3 Nc4 23. Bxc4 bxc4 24. Bb2 Rxb2 25. Kxb2 Nxc3 26. Nd4 Qb4+ 27. Ka1
Qa3 0-1

[Event "Michigan Class C"]
[Site "Grand Rapids, MI"]
[Date "1997.01.18"]
[Round "2.5"]
[White "Hanna, Carl"]
[Black "Belill, Mike"]
[Result "0-1"]
[WhiteElo "1529"]
[BlackElo "1472"]
[PlyCount "38"]
[EventDate "1997.01.18"]

1. e4 e5 2. Nf3 Nc6 3. Bb5 a6 4. Bxc6 dxc6 5. Nc3 Bd6 6. d3 Nf6 7. Bg5 h6 8.
Be3 Be6 9. Qd2 Ng4 10. a3 Qe7 11. O-O O-O 12. h3 Nxe3 13. Qxe3 Bc5 14. Qd2 Qf6
15. Ne2 Bxh3 16. gxh3 Qxf3 17. Ng3 Qxg3+ 18. Kh1 Qxh3+ 19. Kg1 Rad8 0-1

[Event "Michigan Masters/Experts"]
[Site "Grand Rapids, MI"]
[Date "1997.01.18"]
[Round "1.7"]
[White "Hankinson, Chris"]
[Black "Hahn, David"]
[Result "1/2-1/2"]
[WhiteElo "2072"]
[BlackElo "2218"]
[PlyCount "106"]
[EventDate "1997.01.18"]

1. Nc3 g6 2. h4 Nf6 3. e4 d6 4. d4 Bg7 5. Be2 Nc6 6. Be3 e5 7. d5 Nd4 8. Bxd4
exd4 9. Qxd4 O-O 10. Qd2 Re8 11. h5 Nxe4 12. Nxe4 Rxe4 13. hxg6 hxg6 14. c3 Qf6
15. Kf1 Bd7 16. Bf3 Bb5+ 17. Be2 a6 18. Bxb5 axb5 19. Qd3 Qf5 20. Nf3 b4 21.
Qb5 bxc3 22. bxc3 Bxc3 23. Qxb7 Rae8 24. Rc1 Rc4 25. Qb3 Qd3+ 26. Kg1 Rc5 27.
Qa4 Qe4 28. Qd7 Bf6 29. Re1 Qxe1+ 30. Nxe1 Rxe1+ 31. Kh2 Be5+ 32. g3 Rxh1+ 33.
Kxh1 Rc2 34. f4 Bd4 35. Qa4 Rc1+ 36. Kg2 Bb6 37. Kh3 Rc5 38. Qe4 Kg7 39. f5
gxf5 40. Qxf5 Ra5 41. Qg4+ Kf6 42. Qf4+ Ke7 43. Qe4+ Kf6 44. a4 Rc5 45. Kg4 Ba5
46. Qf5+ Kg7 47. Kh3 Rc4 48. g4 Rxa4 49. Qg5+ Kf8 50. Qd8+ Kg7 51. Kh4 Re4 52.
Qg5+ Kf8 53. Qd8+ Kg7 1/2-1/2

[Event "Michigan Masters/Experts"]
[Site "Grand Rapids, MI"]
[Date "1997.01.18"]
[Round "2.4"]
[White "Hahn, David"]
[Black "LaFata, Sam"]
[Result "1-0"]
[WhiteElo "2218"]
[BlackElo "2040"]
[PlyCount "57"]
[EventDate "1997.01.18"]

1. c4 e5 2. g3 Nf6 3. Bg2 d5 4. cxd5 Nxd5 5. Nf3 Nc6 6. O-O Be7 7. d4 e4 8. Ne5
Nxe5 9. dxe5 Be6 10. Bxe4 Qd7 11. Nc3 Nxc3 12. Qxd7+ Bxd7 13. bxc3 O-O-O 14.
Rb1 c6 15. Be3 b6 16. f4 Rhe8 17. Bf3 Kc7 18. g4 g6 19. a4 c5 20. a5 b5 21. Bf2
Bc6 22. Bg3 Bxf3 23. Rxf3 Kc6 24. f5 c4 25. fxg6 fxg6 26. Rf7 Bc5+ 27. Kg2 Rd2
28. Rf6+ Kd7 29. Rxb5 1-0

[Event "Michigan Class B"]
[Site "Grand Rapids, MI"]
[Date "1997.01.18"]
[Round "1.5"]
[White "Griffin, John"]
[Black "McCarter, Robert"]
[Result "1/2-1/2"]
[WhiteElo "1625"]
[BlackElo "1732"]
[PlyCount "139"]
[EventDate "1997.01.18"]

1. d4 Nf6 2. c4 e6 3. g3 c5 4. d5 d6 5. Bg2 g6 6. Nc3 a6 7. a4 Qc7 8. e3 Bg7 9.
Nge2 O-O 10. O-O Re8 11. h3 Nbd7 12. Qc2 Nb6 13. Ne4 exd5 14. Nxf6+ Bxf6 15.
cxd5 Qe7 16. a5 Nd7 17. Bd2 Bg7 18. Bc3 Nf6 19. Ra4 Bd7 20. Ra3 Bf5 21. Qc1 h5
22. Re1 Qd7 23. Kh2 Qe7 24. b4 cxb4 25. Bxb4 Rac8 26. Bc3 Ne4 27. Qa1 Bxc3 28.
Nxc3 Nxf2 29. Re2 Ne4 30. Nxe4 Bxe4 31. Qd4 Bxg2 32. Kxg2 Qe4+ 33. Qxe4 Rxe4
34. Rb3 Rc5 35. Rxb7 Rxd5 36. Rf2 f5 37. Rc2 Rc5 38. Rcb2 Rxa5 39. Rb8+ Kf7 40.
R2b7+ Re7 41. Rb3 Rd7 42. Rh8 Kf6 43. Rf8+ Rf7 44. Rd8 Rd5 45. Rb6 a5 46.
Rdxd6+ Rxd6 47. Rxd6+ Kg7 48. Ra6 Re7 49. Rxa5 Rxe3 50. Ra7+ Kf6 51. Ra6+ Kg5
52. Ra4 Re4 53. Ra5 h4 54. g4 Kf4 55. gxf5 gxf5 56. Kf2 Rb4 57. Ra3 Rb2+ 58.
Kg1 Kg5 59. Ra4 Re2 60. Kh1 Re4 61. Ra5 Kf4 62. Kg2 Re2+ 63. Kg1 Re3 64. Kg2
Rg3+ 65. Kh2 Kg5 66. Rb5 Re3 67. Kg2 Kf4 68. Ra5 Re2+ 69. Kg1 Kg3 70. Ra3+
1/2-1/2

[Event "Michigan Class B"]
[Site "Grand Rapids, MI"]
[Date "1997.01.18"]
[Round "3.8"]
[White "Griffin, John"]
[Black "Hazzard, Bill"]
[Result "0-1"]
[WhiteElo "1625"]
[BlackElo "1742"]
[PlyCount "114"]
[EventDate "1997.01.18"]

1. d4 f5 2. g3 Nf6 3. c4 e6 4. Bg2 Bb4+ 5. Bd2 Bxd2+ 6. Nxd2 d5 7. Ngf3 O-O 8.
O-O Nbd7 9. e3 c6 10. b4 b5 11. cxb5 cxb5 12. Rc1 Bb7 13. Qb3 Kh8 14. Rc2 Rc8
15. Rfc1 Rxc2 16. Rxc2 Nb6 17. Ne5 Nfd7 18. Ndf3 Nc4 19. a4 a6 20. Nd3 bxa4 21.
Qxa4 Ndb6 22. Qb3 Bc6 23. Nc5 Qc8 24. Nd2 Bb5 25. Qa2 Nxd2 26. Rxd2 Nc4 27. Rc2
Rf6 28. Qa1 Rf7 29. Na4 Qc6 30. Nc3 Ra7 31. Bf1 Rc7 32. Nd1 Qd6 33. Qc3 h6 34.
Nb2 Qc6 35. Nd3 g5 36. Qa1 Qd6 37. Qc1 Rc6 38. f3 Kg7 39. Kf2 Kg6 40. Be2 h5
41. Ne5+ Nxe5 42. dxe5 Rxc2 43. Qxc2 Qxe5 44. Bxb5 axb5 45. Qd2 h4 46. Qe2
hxg3+ 47. hxg3 d4 48. Qd3 dxe3+ 49. Qxe3 Qxe3+ 50. Kxe3 e5 51. Kd3 Kf6 52. Kc3
e4 53. f4 gxf4 54. gxf4 Ke6 55. Kd4 Kd6 56. Kc3 Kd5 57. Kd2 Kc4 0-1